000 01247cam a22003497a 4500
003 CHAP
005 20220329142644.0
008 010920d2001 mx r 00110 spa d
010 _a86064
011 _a87036
035 _a97577
040 _cCHAP
090 _aTesis
100 0 0 _aCruz López, Jorge Alberto.
_929477
245 1 0 _aAlternativas de manejo de gallina ciega (Coleoptera : Melolonthidae) en maíz en Amatenango del Valle, Chiapas
_c/por Jorge Alberto Cruz López
260 _aTuxtla Gutiérrezm Chis. :
_bEl autor,
_c1999.
300 _a110 h.
502 _aTesis (Lic. en Biología) -- Universidad de Ciencias y Artes del Estado de Chiapas. Escuela de Biología
590 _aALEPH
_b10
_c20130110
_lUCH01
_h1448
590 _aBATCH-UPD
_b10
_c20130110
_lUCH01
_h0938
590 _aBATCH-UPD
_b10
_c20130410
_lUCH01
_h0556
590 _aBATCH-UPD
_b10
_c20130914
_lUCH01
_h1755
590 _aCONVERSION
_b10
_c20130109
_lUCH01
_h1348
650 1 4 _aMaíz
_xPlagas.
_971034
650 1 4 _aMaíz
_zChiapas.
_971091
650 1 4 _aPhyllophaga crinita.
_987882
650 1 4 _aPhyllophaga.
_987881
901 _aBK
905 _aAlejandra Carrasco M.
942 _cTESIS
949 _aTesis
_bBC
_cLIBRO
_d33724000874954
_eTS1
_h39651
_i97577
_sb
999 _c86064
_d86064